Soja : actualización 2005 /
Guardado en:
| Autor Corporativo: | |
|---|---|
| Formato: | Libro |
| Idioma: | Spanish |
| Publicado: |
Marcos Juárez :
EEA INTA Marcos Juárez,
2005.
|
| Series: | Información para extensión,
nº 97 |
| Etiquetas: |
Agregar Etiqueta
Sin Etiquetas, Sea el primero en etiquetar este registro!
|
| LEADER | 00720nam a22001575a 4500 | ||
|---|---|---|---|
| 001 | EEA.libagro007666 | ||
| 005 | 20180423115719.0 | ||
| 008 | 130809s2005####ag#a##########000#0#spa#d | ||
| 082 | 0 | 4 | |a 633.34 |
| 245 | 1 | 0 | |a Soja : |b actualización 2005 / |c Estación Experimental Agropecuaria Marcos Juárez. |
| 260 | |a Marcos Juárez : |b EEA INTA Marcos Juárez, |c 2005. | ||
| 300 | |a 1 v. (en varias paginaciones) : |b il. ; |c 29 cm. | ||
| 490 | 1 | |a Información para extensión, |x 0327-697X ; |v nº 97 | |
| 500 | |a Proyecto regional producción agrícola sustentable. | ||
| 710 | 2 | |a Instituto Nacional de Tecnología Agropecuaria (Argentina). |b Estación Experimental Agropecuaria Marcos Juárez. | |
| 859 | |a AR-BbBCA |b BIB. AGRONOMIA |h 633.34 |i F954 |p 2006/5055 | ||
